00343pab a2200133 454500008004000000100002700040245005300067260000900120300001200129362001100141650001400152650002300166773002000189180718b2011 xxu||||| |||| 00| 0 eng d aDhawankar, Dharmesh V. aMedia education inevitable for present education c2011 ap.7-12. a21 Nov aEducation aTeaching materials aUniversity News